00369nam a2200109Ia 4500008004100000041001200041082001600053100004600069245009900115260000900214650003600223231221s9999 xx 000 0 und d aEnglish aJNMBA14-948 aBalaji Singh B N. Rajkumar M. Shailesh G. 0aBridge Program- An Effective Tool for Transition of Students from Pre-University to University c2014 aBridge,Program-,Tool,Transition